Nghiên cứu đặc điểm phát triển thể chất của nam sinh viên K29 trường Đại học Cần Thơ thuộc các ngành học khác nhau : Báo cáo tổng kết đề tài khoa học và công nghệ cấp Trường
Nội dung đánh giá thực trạng hình thái, chức năng tâm-sinh lý, sự phát triển của tố chất thể lực của nam sinh viên khóa 29 ĐHCT
Guardat en:
| Autor principal: | |
|---|---|
| Format: | Llibre |
| Idioma: | Undetermined |
| Publicat: |
Cần Thơ
Trường Đại học Cần Thơ
2007
|
| Matèries: | |
| Etiquetes: |
Afegir etiqueta
Sense etiquetes, Sigues el primer a etiquetar aquest registre!
|
| Thư viện lưu trữ: | Trung tâm Học liệu Trường Đại học Cần Thơ |
|---|
| LEADER | 01140nam a2200217Ia 4500 | ||
|---|---|---|---|
| 001 | CTU_204874 | ||
| 008 | 210402s9999 xx 000 0 und d | ||
| 082 | |a 796.07 | ||
| 082 | |b Th103 | ||
| 088 | |a T2006-03 | ||
| 100 | |a Nguyễn, Văn Thái | ||
| 245 | 0 | |a Nghiên cứu đặc điểm phát triển thể chất của nam sinh viên K29 trường Đại học Cần Thơ thuộc các ngành học khác nhau : | |
| 245 | 0 | |b Báo cáo tổng kết đề tài khoa học và công nghệ cấp Trường | |
| 245 | 0 | |c Nguyễn Văn Thái (Chủ nhiệm đề tài) | |
| 260 | |a Cần Thơ | ||
| 260 | |b Trường Đại học Cần Thơ | ||
| 260 | |c 2007 | ||
| 520 | |a Nội dung đánh giá thực trạng hình thái, chức năng tâm-sinh lý, sự phát triển của tố chất thể lực của nam sinh viên khóa 29 ĐHCT | ||
| 650 | |a Giáo dục thể chất và đào tạo.,Athletics,Điền kinh,Physical education and training. | ||
| 904 | |i Tuyến | ||
| 980 | |a Trung tâm Học liệu Trường Đại học Cần Thơ | ||